000 00500nam a22001817a 4500
005 20251108164644.0
008 250721s1996 xx 000 0 ara d
082 1 4 _a414/محم
100 1 _aعبد الله، محمد حسن
245 1 0 _aأصول النظرية البلاغية /
250 _aط2.
264 1 _aالقاهرة :
_bمكتبة وهبة،
_c1996..
300 _a183ص
650 1 7 _aاللغة العربية
650 1 7 _aالبلاغة
942 _2ddc
_cBK
999 _c11053
_d11053